000 00503nam a2200169 i 4500
001 42277
003 ES-MaACL
005 20230906160600.0
007 t|
008 030313s1947 sp ||||1| spa d
100 1 _aCastillo, Luis.
_936705
245 1 0 _aVicisitudes de la pintura /
_cLuis Castillo.
260 _aMadrid :
_b[s.n.],
_c1947.
300 _a8 h. ;
_c24 cm.
500 _aEs separata de: Revista de Ideas Estéticas, enero-marzo, n. 17, p. 53-67.
852 _aES-MaACL
_j1581-F-18
_bR.24202
999 _c42277
_d42277